000 00859nam a2200277Ia 4500
003 OSt
005 20221005111109.0
006 a|||||r|||| 00| 0
007 ta
008 221004b |||||||| |||| 00| 0 hin d
020 _a8170556287
024 _a23280
037 _cTextual
040 _aCRL
_cCRL
_bhin
041 _2hin
_ahin
082 _aO113,2N11,1, 152N8
100 _aफ्रिश, माक्स
245 0 _aअंडोरा
246 _aAanḍorā
260 _aनई दिल्ली
_bवाणी प्रकाशन भारत
_c1998
300 _a141पृ0
_ccm.
650 _aजर्मन नाटक
700 _a दत्त, महेश
942 _hO113,2N11,1, 152N8
_cTEXL
_2cc
999 _c1020808
_d1020808